<?xml version="1.0" encoding="UTF-8"?>
<collection xmlns="http://www.loc.gov/MARC21/slim">
<record>
  <controlfield tag="001">86499</controlfield>
  <controlfield tag="005">20230111103822.0</controlfield>
  <datafield tag="024" ind1="7" ind2=" ">
    <subfield code="2">doi</subfield>
    <subfield code="a">10.1016/j.foreco.2018.12.051</subfield>
  </datafield>
  <datafield tag="024" ind1="8" ind2=" ">
    <subfield code="2">sideral</subfield>
    <subfield code="a">109700</subfield>
  </datafield>
  <datafield tag="037" ind1=" " ind2=" ">
    <subfield code="a">ART-2019-109700</subfield>
  </datafield>
  <datafield tag="041" ind1=" " ind2=" ">
    <subfield code="a">eng</subfield>
  </datafield>
  <datafield tag="100" ind1=" " ind2=" ">
    <subfield code="a">Martínez del Castillo, E.</subfield>
    <subfield code="0">(orcid)0000-0003-1542-2698</subfield>
  </datafield>
  <datafield tag="245" ind1=" " ind2=" ">
    <subfield code="a">Modeling tree-growth: Assessing climate suitability of temperate forests growing in Moncayo Natural Park (Spain)</subfield>
  </datafield>
  <datafield tag="260" ind1=" " ind2=" ">
    <subfield code="c">2019</subfield>
  </datafield>
  <datafield tag="506" ind1="0" ind2=" ">
    <subfield code="a">Access copy available to the general public</subfield>
    <subfield code="f">Unrestricted</subfield>
  </datafield>
  <datafield tag="520" ind1="3" ind2=" ">
    <subfield code="a">In the past few decades, temperate forests have been negatively altered by numerous anthropogenic activities and by the impact of ongoing climate change. These changes may require management actions to help preserve some forest tree species. In this sense, highly-detailed knowledge of tree growth and survival across territorial and climatic gradients will be important for forest conservation. We developed a novel approach to determine the optimal zones of forest growth and expansion through climate suitability maps, using a dense tree-ring network of four forest species in Moncayo Natural Park and high-resolution climate data. Our results showed that the mixed-effects models developed using climate data and tree size were able to predict between 65 and 80% of growth variability along the climatic gradient. All studied species were influenced by climate, and the relationship between growth and climate significantly differed along the prevailing climate gradient. Moreover, the suitability maps showed that the current species distribution is limited, and their application may serve as a tool for adaptive management in forests subjected to climate change.</subfield>
  </datafield>
  <datafield tag="536" ind1=" " ind2=" ">
    <subfield code="9">info:eu-repo/grantAgreement/ES/DGA-CAIXA/GA-LC-031-2010</subfield>
    <subfield code="9">info:eu-repo/grantAgreement/ES/MINECO/BES-2013-064453</subfield>
    <subfield code="9">info:eu-repo/grantAgreement/ES/MINECO/CGL2012-31668</subfield>
    <subfield code="9">info:eu-repo/grantAgreement/ES/MINECO/CGL2015-69985-R</subfield>
  </datafield>
  <datafield tag="540" ind1=" " ind2=" ">
    <subfield code="9">info:eu-repo/semantics/openAccess</subfield>
    <subfield code="a">All rights reserved</subfield>
    <subfield code="u">http://www.europeana.eu/rights/rr-f/</subfield>
  </datafield>
  <datafield tag="590" ind1=" " ind2=" ">
    <subfield code="a">3.17</subfield>
    <subfield code="b">2019</subfield>
  </datafield>
  <datafield tag="591" ind1=" " ind2=" ">
    <subfield code="a">FORESTRY</subfield>
    <subfield code="b">5 / 68 = 0.074</subfield>
    <subfield code="c">2019</subfield>
    <subfield code="d">Q1</subfield>
    <subfield code="e">T1</subfield>
  </datafield>
  <datafield tag="592" ind1=" " ind2=" ">
    <subfield code="a">1.249</subfield>
    <subfield code="b">2019</subfield>
  </datafield>
  <datafield tag="593" ind1=" " ind2=" ">
    <subfield code="a">Forestry</subfield>
    <subfield code="c">2019</subfield>
    <subfield code="d">Q1</subfield>
  </datafield>
  <datafield tag="593" ind1=" " ind2=" ">
    <subfield code="a">Nature and Landscape Conservation</subfield>
    <subfield code="c">2019</subfield>
    <subfield code="d">Q1</subfield>
  </datafield>
  <datafield tag="593" ind1=" " ind2=" ">
    <subfield code="a">Management, Monitoring, Policy and Law</subfield>
    <subfield code="c">2019</subfield>
    <subfield code="d">Q1</subfield>
  </datafield>
  <datafield tag="655" ind1=" " ind2="4">
    <subfield code="a">info:eu-repo/semantics/article</subfield>
    <subfield code="v">info:eu-repo/semantics/acceptedVersion</subfield>
  </datafield>
  <datafield tag="700" ind1=" " ind2=" ">
    <subfield code="a">Longares, L.A.</subfield>
    <subfield code="u">Universidad de Zaragoza</subfield>
    <subfield code="0">(orcid)0000-0002-9558-1308</subfield>
  </datafield>
  <datafield tag="700" ind1=" " ind2=" ">
    <subfield code="a">Serrano-Notivoli, R.</subfield>
    <subfield code="u">Universidad de Zaragoza</subfield>
    <subfield code="0">(orcid)0000-0001-7663-1202</subfield>
  </datafield>
  <datafield tag="700" ind1=" " ind2=" ">
    <subfield code="a">de Luis, M.</subfield>
    <subfield code="u">Universidad de Zaragoza</subfield>
    <subfield code="0">(orcid)0000-0002-7585-3636</subfield>
  </datafield>
  <datafield tag="710" ind1="2" ind2=" ">
    <subfield code="1">3006</subfield>
    <subfield code="2">430</subfield>
    <subfield code="a">Universidad de Zaragoza</subfield>
    <subfield code="b">Dpto. Geograf. Ordenac.Territ.</subfield>
    <subfield code="c">Área Geografía Física</subfield>
  </datafield>
  <datafield tag="710" ind1="2" ind2=" ">
    <subfield code="1">3006</subfield>
    <subfield code="2">010</subfield>
    <subfield code="a">Universidad de Zaragoza</subfield>
    <subfield code="b">Dpto. Geograf. Ordenac.Territ.</subfield>
    <subfield code="c">Área Análisis Geográfico Regi.</subfield>
  </datafield>
  <datafield tag="773" ind1=" " ind2=" ">
    <subfield code="g">435 (2019), 128-137</subfield>
    <subfield code="p">For. ecol. manag.</subfield>
    <subfield code="t">Forest Ecology and Management</subfield>
    <subfield code="x">0378-1127</subfield>
  </datafield>
  <datafield tag="856" ind1="4" ind2=" ">
    <subfield code="s">1059787</subfield>
    <subfield code="u">http://zaguan.unizar.es/record/86499/files/texto_completo.pdf</subfield>
    <subfield code="y">Postprint</subfield>
  </datafield>
  <datafield tag="856" ind1="4" ind2=" ">
    <subfield code="s">62703</subfield>
    <subfield code="u">http://zaguan.unizar.es/record/86499/files/texto_completo.jpg?subformat=icon</subfield>
    <subfield code="x">icon</subfield>
    <subfield code="y">Postprint</subfield>
  </datafield>
  <datafield tag="909" ind1="C" ind2="O">
    <subfield code="o">oai:zaguan.unizar.es:86499</subfield>
    <subfield code="p">articulos</subfield>
    <subfield code="p">driver</subfield>
  </datafield>
  <datafield tag="951" ind1=" " ind2=" ">
    <subfield code="a">2023-01-11-10:06:06</subfield>
  </datafield>
  <datafield tag="980" ind1=" " ind2=" ">
    <subfield code="a">ARTICLE</subfield>
  </datafield>
</record>
</collection>